Čteme si o Anežce České : knihovnička ke slabikáři Amos : úroveň 5 /

Hlavní autor: Konečná, Magdalena, 1975-
Další autoři: Bašar, Martin
Jazyk: Čeština
Vydáno: Brno : Nová škola, s.r.o., 2024
Vydání: První vydání
Témata:
Fyzický popis: 16 stran : barevné ilustrace ; 21 cm
Knihy
Uloženo v:
LEADER 02189nam a2200577 i 4500
001 nkc20243639965
003 CZ PrNK
005 20250529140913.0
007 ta
008 241112s2024 xr a b p 000 0 cze
015 |a cnb003639965 
020 |a 978-80-7600-560-0  |q (brožováno) 
035 |a (OCoLC)1477940377 
040 |a ABA001  |b cze  |e rda 
043 |a e-xr--- 
045 |a q-q- 
072 7 |a 811.162.3  |x Čeština  |2 Konspekt  |9 11 
072 7 |a 37.016  |x Učební osnovy. Vyučovací předměty. Učebnice  |2 Konspekt  |9 22 
080 |a 811.162.3  |2 MRF 
080 |a 37.016:028-028.31  |2 MRF 
080 |a 27-36-055.2  |2 MRF 
080 |a (437.3)  |2 MRF 
080 |a (075.2)  |2 MRF 
100 1 |a Konečná, Magdalena,  |d 1975-  |7 skuk0001602  |4 aut 
245 1 0 |a Čteme si o Anežce České :  |b knihovnička ke slabikáři Amos : úroveň 5 /  |c Magdalena Konečná ; ilustrace Martin Bašar 
246 3 0 |a Knihovnička ke slabikáři Amos - úroveň 5 
250 |a První vydání 
264 1 |a Brno :  |b Nová škola, s.r.o.,  |c 2024 
300 |a 16 stran :  |b barevné ilustrace ;  |c 21 cm 
336 |a text  |b txt  |2 rdacontent 
336 |a statický obraz  |b sti  |2 rdacontent 
337 |a bez média  |b n  |2 rdamedia 
338 |a svazek  |b nc  |2 rdacarrier 
500 |a Název z obálky 
600 0 7 |a Anežka Česká,  |c svatá,  |d 1205-1282  |7 jn20000720008  |2 czenas 
648 7 |a 13. století  |7 ch460551  |2 czenas 
650 0 7 |a čeština  |7 ph135292  |2 czenas 
650 0 7 |a čtení  |7 ph128190  |2 czenas 
650 0 7 |a křesťanské světice  |7 ph122127  |z Česko  |y 13. století  |2 czenas 
650 0 9 |a Czech language  |2 eczenas 
650 0 9 |a reading  |2 eczenas 
650 0 9 |a Christian women saints  |z Czechia  |y 13th century  |2 eczenas 
655 7 |a učebnice základních škol  |7 fd133773  |2 czenas 
655 9 |a textbooks (elementary)  |2 eczenas 
700 1 |a Bašar, Martin  |7 jo2016897431  |4 ill 
910 2 |a BOA001  |b 2-1537.446 
990 |a BK 
995 |a 01 
991 |b 202501  |c NOV 
996 6 |b 2610991622  |c 2-1537.446  |l MZK  |r Sklad / do 1 hodiny  |n 0  |p p.v.  |w 001990178  |u 000010  |a 1  |e BOA001  |j MZK50  |s P 
996 7 |b 2610991623  |c 2-1537.446  |l MZK  |r Sklad / do 1 hodiny  |n 0  |p p.v.  |w 001990178  |u 000020  |a 1  |e BOA001  |j MZK50  |s A